| 000 | 00774nam a2200229 a 4500 | ||
|---|---|---|---|
| 001 | 000009292 | ||
| 005 | 20240412074210.0 | ||
| 008 | 090929s1983 dr 000 p spa d | ||
| 040 | _aDO-SdBNP | ||
| 082 |
_aRD861.64 _bG993e |
||
| 100 | 1 |
_aLulo Guzmán, Víctor, _d1916- _924023 |
|
| 245 | 1 | 0 |
_aEntre la poesía y la justicia : _bmi espacio / _cVíctor Lulo Guzmán ; prólogo Jóse Ángel Buesa. |
| 260 |
_aSanto Domingo : _bONAP, _c1983. |
||
| 300 |
_a115 p. ; _c21 cm. |
||
| 490 | 1 |
_aLiteratura ; _vno. 1 |
|
| 500 | _aIncluye datos biográficos en la solapa de la contracubierta. | ||
| 650 | 0 |
_aPoesía dominicana _966 |
|
| 650 | 0 |
_aLiteratura dominicana. _967 |
|
| 700 | 1 |
_aBuesa, Jóse Ángel, _epról. _921887 |
|
| 830 | 0 |
_aLiteratura ; _nno. 1 _924024 |
|
| 049 | _aBNPD | ||
| 999 |
_c9053 _d9053 |
||